[Event "Armstrong Cup 1718"]
[Site "Curragh"]
[Date "2018.02.10"]
[Round "9.4"]
[White "Mcloughlin, Mark"]
[Black "Joyce, John"]
[Result "1-0"]
[WhiteElo "1802"]
[BlackElo "2049"]
[PlyCount "77"]
[EventDate "2017.09.16"]
[EventType "team-tourn"]
[EventRounds "11"]
[EventCountry "IRL"]
[SourceTitle "EXT 2023"]
[Source "ChessBase"]
[SourceDate "2022.10.05"]
[SourceVersion "1"]
[SourceVersionDate "2022.10.05"]
[SourceQuality "1"]
[WhiteTeam "Curragh"]
[BlackTeam "Bray/Greystones"]
[WhiteTeamCountry "IRL"]
[BlackTeamCountry "IRL"]

1. c4 f5 2. Nc3 Nf6 3. Nf3 e6 4. g3 b6 5. Bg2 Bb7 6. d4 Bb4 7. Bg5 h6 8. Bxf6 Bxc3+ 9. bxc3 Qxf6 10. 0-0 0-0 11. e3 d6 12. a4 a5 13. Rb1 Nd7 14. Ne5 Bxg2 15. Nxd7 Qf7 16. Ne5 dxe5 17. Kxg2 e4 18. Rb5 e5 19. d5 Rad8 20. f3 c6 21. Rxb6 cxd5 22. c5 Qc7 23. Rb5 f4 24. gxf4 exf4 25. Qd4 fxe3 26. Qxe3 Rf4 27. Qd2 Qf7 28. c6 Rxf3 29. Rxf3 exf3+ 30. Kf2 Qh5 31. Qf4 Rf8 32. Rb8 Rxb8 33. Qxb8+ Kh7 34. c7 Qxh2+ 35. Kxf3 Qh1+ 36. Ke3 Qc1+ 37. Kd4 Qd2+ 38. Kc5 Qxc3+ 39. Kxd5 1-0

[Event "Armstrong Cup 1718"]
[Site "Curragh"]
[Date "2017.11.04"]
[Round "5.7"]
[White "Harding, Timothy David"]
[Black "Mcloughlin, Mark"]
[Result "1-0"]
[WhiteElo "1994"]
[BlackElo "1796"]
[PlyCount "89"]
[EventDate "2017.09.16"]
[EventType "team-tourn"]
[EventRounds "11"]
[EventCountry "IRL"]
[SourceTitle "EXT 2023"]
[Source "ChessBase"]
[SourceDate "2022.10.05"]
[SourceVersion "1"]
[SourceVersionDate "2022.10.05"]
[SourceQuality "1"]
[WhiteTeam "TCD"]
[BlackTeam "Curragh"]
[WhiteTeamCountry "IRL"]
[BlackTeamCountry "IRL"]

1. e4 c6 2. d4 d5 3. e5 Bf5 4. Nf3 e6 5. Be2 Nd7 6. 0-0 Ne7 7. Nbd2 c5 8. c4 Nc6 9. cxd5 exd5 10. dxc5 Bxc5 11. Nb3 Be6 12. Nxc5 Nxc5 13. Be3 Nd7 14. Qa4 0-0 15. Ng5 Ndxe5 16. f4 Nc4 17. Qc2 g6 18. Bxc4 dxc4 19. Nxe6 fxe6 20. Rad1 Qf6 21. Qxc4 Rad8 22. b4 Rfe8 23. b5 Na5 24. Qa4 b6 25. Bd4 Qf5 26. Rde1 Rd5 27. Bc3 Kf7 28. Re5 Qd3 29. Bxa5 bxa5 30. Qxa5 Qd4+ 31. Kh1 Re7 32. Qe1 Qc4 33. Rxd5 Qxd5 34. Qb1 Qc4 35. Rc1 Qe2 36. Qa1 Rd7 37. Re1 Qd2 38. Qe5 Rd6 39. h4 h5 40. a4 Qd4 41. a5 Qf2 42. Qe3 Qxh4+ 43. Kg1 Qe7 44. b6 axb6 45. axb6 1-0